Holiday Quiz

Random Holiday or Word Play Quiz
Score 0/20 Timer 06:00
2 Plays Today
% Correct
Resolutions (New Year's Day)
96.1%
Bee (Valentine's Day)
94.4%
Heads (Presidents' Day)
93.5%
Snakes (St. Patrick's Day)
92.6%
Child (Mother's Day)
90.2%
Candy (Cinco de Mayo)
87.9%
Mine (April Fools' Day)
87.4%
Work (Labor Day)
85.6%
MLK (Martin Luther King, Jr. Day)
84.8%
Shadow (Groundhog Day)
83.9%
% Correct
Sperm (Father's Day)
83.8%
Memory (Memorial Day)
82.4%
Names (Christmas)
74%
Match (Guy Fawkes Night)
73.2%
Stuffing (Thanksgiving)
71.9%
Screen (Halloween)
70.6%
Eh (Canada Day)
64.6%
Dying / Dyeing (Easter)
54.7%
Call (Hanukkah)
51%
Fourths (Independence Day U.S.)
41.2%
Remove Ads.
Support Sporcle.
Get the best of Sporcle when you Go Orange. This ad-free experience offers more features, more stats, and more fun while also helping to support Sporcle. Thank you for becoming a member.

You're not logged in!

Compare scores with friends on all Sporcle quizzes.
OR
Log In

Show Comments

Extras

Top Quizzes Today


Score Distribution

Your Account Isn't Verified!

In order to create a playlist on Sporcle, you need to verify the email address you used during registration. Go to your Sporcle Settings to finish the process.

Report this User

Report this user for behavior that violates our Community Guidelines.

Details: